[Event "Bastiais Master"]
[Site "Bastia"]
[Date "2003.??.??"]
[Round "?"]
[White "Massoni, Michael"]
[Black "Gilquin, Gerard"]
[Result "1-0"]
[WhiteElo "1830"]
[BlackElo "1810"]
[PlyCount "21"]
[EventDate "2003.??.??"]
[EventType "swiss"]
[EventRounds "7"]
[EventCountry "FRA"]
[SourceTitle "EXT 2007"]
[Source "ChessBase"]
[SourceDate "2006.11.23"]
[SourceVersion "1"]
[SourceVersionDate "2006.11.23"]
[SourceQuality "1"]

1. e4 c5 2. Nf3 e6 3. d4 cxd4 4. Nxd4 Nc6 5. c4 Bc5 6. Be3 Qf6 7. Nb5 Bxe3 8. fxe3 Qxb2 9. N1c3 Nb4 10. Rb1 Nc2+ 11. Kf2 1-0